| 000 | 00541nam a2200229Ia 4500 | ||
|---|---|---|---|
| 003 | OSt | ||
| 005 | 20220928145708.0 | ||
| 006 | a|||||r|||| 00| 0 | ||
| 007 | ta | ||
| 008 | 220927b |||||||| |||| 00| 0 eng d | ||
| 024 | _a82028 | ||
| 037 | _cTextual | ||
| 040 |
_aSDCL _cSDCL _beng |
||
| 041 |
_2eng _aeng |
||
| 082 | _aX:15, L7 | ||
| 100 |
_aDonaldson Elvin F _9514113 |
||
| 245 | 0 | _aPersonal finance. | |
| 250 | _a6 | ||
| 260 | _c1977 | ||
| 942 |
_hX:15, L7 _cTEXL _2CC |
||
| 999 |
_c834820 _d834820 |
||